Les pays contenant entre 60 % et 70 % de protestants - Statistiques

Statistiques générales
  • Ce quiz a été pris 13 fois
  • Le résultat moyen est 2 sur 3
Statistiques - réponses
Hint Réponse % Correct
63,99 % Suède
92%
68,81 % Royaume-Uni
67%
66,00 % Papouasie-Nouvelle-Guinée
8%
Aucun quiz correspondant
Distribution des résultats
% des personnes avec chaque résultat
Percentile par nombre de réponses
Votre historique - résultats
Vous n’avez pas pris ce quiz